000 01666nam1a22003131 4500
001 v19\rc\1914463
005 20251118180817.2
035 _a(NLR Aleph) 005024184
090 _a6621421
_c6621421
100 _a20080404g19111914|||y0rusy50 ca
101 0 _arus
102 _aRU
105 _ay j |||||
200 1 _aКонспекты (схемы) тем для сочинений, предлагающихся на конкурсных экзаменах по русскому языку в спец. высш. учебн. заведениях и на выпускных испытаниях в средней школе
_fСост. Л.М. Шах-Паронианц, б. преп. на курсах г. г. инж. В.И. Стукачева...
205 _a2-е изд., испр. и значит. доп. Ч. 1-3
210 _aСанкт-Петербург
_cРус. филология
_d1911-1914
215 _a3 т.
_d16
532 1 3 _aКонспекты схемы тем для сочинений, предлагающихся на конкурсных экзаменах по русскому языку в спец. высш. учебн. заведениях и на выпускных испытаниях в средней школе
700 1 _aШах-Паронианц
_bЛ. М.
_f1863-
_gЛеон Михайлович
_4220
790 1 _aПаронианц
_bЛ. М.
_f1863-
_gЛеон Михайлович
801 0 _aRU
_bNLR
_gpsbo
801 0 _aRU
_bRuMoRGB
_2psbo
801 1 _aRU
_bProSoft-M
_2rusmarc
852 _aNLR
_j38.58.9.25
899 _aRuMoRGB
_jP 39/191
899 _aБАН
899 _aНБ СПбГУ
942 _cBOOK
980 _aNB